Slovensko-juhoslovanské vzťahy a slovensko-chorvátske vzťahy v rokoch 1939-1941

Podrobná bibliografia
Hlavný autor: Tkáč, Ján, historik (Autor)
Médium: Článok
Jazyk:slovenčina
ISSN:1335-8723
Predmet:

MARC

LEADER 00000nab a2200000 a 4500
001 vtls009957909
003 SK-MaSNL
005 20260426105519.0
008 250507|2009 xo |||||||||||||| b|slo
015 |a SNBRA2009/09  |2 snkbucl 
035 |a (uuid)e2e25aef-d41b-4f0b-85c3-d002b9baf930 
035 |a urn:nbn:sk:snk-ab9uvt 
035 |a (urnnbn)urn:nbn:sk:snk:ar-a08xea 
038 |a SNKBUCL 
040 |a SNKBUCL  |b slo  |c SNKBUCL  |e AACR2 
041 0 |a slo  |b ger 
044 |a xo  |c SK 
080 |a 94(437.6)"1939/1941"  |2 2001 
080 |a 94(497.1)"1939/1941"  |2 2001 
080 |a 94(497.11)"1939/1941"  |2 2001 
080 |a 327  |x (437.6)  |x (497.11)  |x (497.1)"1939/1941"  |2 2001 
080 |a 341.7  |x (437.6)  |x (497.11)  |x (497.1)"1939/1941"  |2 2001 
100 1 |a Tkáč, Ján,  |c historik  |4 aut  |9 1513586 
245 1 0 |a Slovensko-juhoslovanské vzťahy a slovensko-chorvátske vzťahy v rokoch 1939-1941  |c Ján Tkáč 
504 |a Bibliogr. odkazy 
546 |a Res. nem. 
648 7 |a 1939-1941  |2 snkbucl  |9 282636 
650 0 7 |a zahraničná politika  |2 snkbucl  |9 971 
650 0 7 |a diplomacia  |2 snkbucl  |9 1254 
651 7 |a Slovensko  |2 snkbucl  |9 14231 
651 7 |a Juhoslávia  |2 snkbucl  |9 22118 
651 7 |a Srbsko  |2 snkbucl  |9 31535 
655 7 |a štúdie  |2 snkbucl  |9 57033 
773 0 |t Historický zborník 19  |g Č. 1 (2009), s. 154-168  |x 1335-8723 
850 |a Slovenská národná knižnica 
852 |a Slovenská národná knižnica 
954 |a odborná, vedecká literatúra pôvodná (slovenská)  |2 lita 
958 |a article13 
958 |a OND 
958 |a NB 
958 |a EUIPO 
999 |c 3353285  |d 3355215